• 首页
  • 本馆介绍
  • 公告通知
  • 最新文献
  • 馆藏检索
  • 电子资源
  • 读者导购
  • 参考咨询
  • 我的图书馆
  • 登录
  • 详细信息显示
  • 放入我的书架
  • 预约/预借图书
  • 作者相关作品
  • 分类相关作品
  • 丛书相关作品
  • 出版社相关作品

书目信息

  • 表格格式
  • 工作单格式
  • 卡片格式
题名:
现代性与中国的家庭及养老
    
 
作者: 曹婷 著
分册:  
出版信息: 北京   中国人口出版社  2019.12
页数: 254页
开本: 23cm
丛书名: 银龄时代 —— 中国老龄社会研究系列丛书
单 册:
中图分类: C913.11 , D669.6
科图分类:
主题词: 家庭社会学--jia ting she hui xue--研究--中国 , 养老--yang lao--家庭问题--研究--中国
电子资源:
ISBN: 978-7-5101-7020-1
000 01197nam 2200301 450
001 CAL 0120217126559
005 20230217093113.0
010    @a978-7-5101-7020-1@dCNY68.00
100    @a20210310d2019 em y0chiy0120 ea
101 0  @achi
102    @aCN@b110000
105    @aa a 000yy
106    @ar
200 1  @a现代性与中国的家庭及养老@Axian dai xing yu zhong guo de jia ting ji yang lao@f曹婷著
210    @a北京@c中国人口出版社@d2019.12
215    @a254页@c图@d23cm
225 2  @a银龄时代 —— 中国老龄社会研究系列丛书@Ayin ling shi dai —— zhong guo lao ling she hui yan jiu xi lie cong shu
300    @a国家出版基金项目
320    @a有书目 (第220-242页)
330    @a本书共九章, 内容包括: 家庭与现代性、研究的方法和数据收集的方法、中国的传统家庭及养老、现代性与家庭及赡养责任的结构性转变、现代性与中国的家庭及养老的改变: 以云南省的一个村庄为例等。
410  0 @12001 @a银龄时代 —— 中国老龄社会研究系列丛书
606 0  @a家庭社会学@Ajia ting she hui xue@x研究@y中国
606 0  @a养老@Ayang lao@x家庭问题@x研究@y中国
690    @aC913.11@v5
690    @aD669.6@v5
701  0 @a曹婷@Acao ting@4著
801  0 @aCN@bBJXHZP@c20230222
905    @b1394520-3@dC913.11@e1830@f4
    
    现代性与中国的家庭及养老/曹婷著.-北京:中国人口出版社,2019.12
    254页:图;23cm.-(银龄时代 —— 中国老龄社会研究系列丛书)
    国家出版基金项目
    
    ISBN 978-7-5101-7020-1:CNY68.00
    本书共九章, 内容包括: 家庭与现代性、研究的方法和数据收集的方法、中国的传统家庭及养老、现代性与家庭及赡养责任的结构性转变、现代性与中国的家庭及养老的改变: 以云南省的一个村庄为例等。
●
相关链接 在E读中查询图书 在五车中查询图书 在当当中查询图书 在豆瓣中查询图书


正题名:现代性与中国的家庭及养老     索取号:C913.11/1830         预约/预借

序号 登录号 条形码 馆藏地/架位号 状态 备注
1 1394520   213945203   第一样本阅览室/ [索取号:C913.11/1830] 在馆    
2 1394521   213945212   第一借阅区/ [索取号:C913.11/1830] 在馆    
3 1394522   213945221   第一借阅区/ [索取号:C913.11/1830] 在馆    
4 1394523   213945230   第一借阅区/ [索取号:C913.11/1830] 在馆    
唐山师范学院图书馆 欢迎您!
大连网信软件有限公司© 版权所有